000 00728nam a2200253Ia 4500
003 OSt
005 20220918173811.0
006 a|||||r|||| 00| 0
007 ta
008 220917b |||||||| |||| 00| 0 eng d
024 _a8,320
037 _cTextual
040 _aARTS
_cARTS
_beng
041 _2eng
_aeng
082 _a24(L), M0 (2D)
100 _aKey Jack D. ed
_947449
245 0 _aClassics and selected readings in medical librarianship
260 _aHuntington
_bRobert E. Kuneger
_c1980
300 _axvii,744p
_ccm.
650 _aLIBRARY SCIENCE
700 _a Keys Thomas E. ed
_947450
942 _h24(L), M0 (2D)
_cTEXL
_2CC
999 _c150095
_d150095